Diễn ngôn hội thoại và độc thoại nội tâm trong truyện ngắn Chí Phèo của Nam Cao /

সংরক্ষণ করুন:
গ্রন্থ-পঞ্জীর বিবরন
প্রধান লেখক: Nguyễn Thị Thu Hằng.
বিন্যাস: প্রবন্ধ
ভাষা:Vietnamese
বিষয়গুলি:
ট্যাগগুলো: ট্যাগ যুক্ত করুন
কোনো ট্যাগ নেই, প্রথমজন হিসাবে ট্যাগ করুন!
Thư viện lưu trữ: Thư viện Trường Đại học Đà Lạt
LEADER 00840nam a2200241 4500
001 DLU140158862
005 ##20140110
040 # # |a DLU  |b vie 
041 # # |a vie 
044 # # |a vn 
100 # # |a Nguyễn Thị Thu Hằng. 
245 # # |a Diễn ngôn hội thoại và độc thoại nội tâm trong truyện ngắn Chí Phèo của Nam Cao /  |c Nguyễn Thị Thu Hằng. 
653 # # |a Độc thoại 
653 # # |a Hội thoại 
773 # # |t Tạp chí Khoa học Đại học Sư phạm TP. Hồ Chí Minh: Khoa học xã hội và nhân văn   |g Số 52(86), 2013, tr. 118-125 
920 # # |a Phòng Tạp chí -- Trung tâm Thông tin - Thư viện Trường Đại học Đà Lạt 
900 # # |a True 
911 # # |a Hoàng Thị Huyền 
925 # # |a G 
926 # # |a A 
927 # # |a BB 
980 # # |a Thư viện Trường Đại học Đà Lạt